Les années 2010 en Formule 1 (Difficile) - Statistiques

Statistiques générales
  • Ce quiz a été pris 229 fois
    224 depuis la dernière actualisation
  • Le résultat moyen est 3 sur 22
Statistiques - réponses
Indice Réponse % Correct
Pour combien de points Fernando Alonso a-t-il échoué à la conquête du titre mondial en 2012 face à Sebastian Vettel ? 3
97%
En quelle année la ligne de départ du Grand Prix de Grande Bretagne fut-elle changée d'emplacement ? (Il ne s'agit pas ici de la modification du circuit mais bien de la ligne de départ) 2011
33%
Qui est le seul pilote américain à avoir piloté en F1 lors de cette décennie ? Alexander Rossi
24%
Quel pilote avait effectué son retour en F1 le temps d'une course chez Williams en 2017 ? Paul Di Resta
23%
Combien de tours comptait le Grand Prix de Bahreïn 2010 (Avec une piste légèrement rallongée par rapport au tracé habituel) ? 49
22%
Combien de points avait-il alors engrangé ? 278
20%
Contre quel Pilote Mark Webber s'est-il encastré lors du Grand Prix d'Europe en 2010, provoquant l'envol de sa monoplace ? Heikki Kovalainen
20%
Lors de quel Grand Prix Pierre Gasly a-t-il effectué ses débuts en F1 en 2017 ? Malaisie
20%
De combien de places fut pénalité Jenson Button lors du Grand Prix du Mexique 2015 ? 70
19%
Où avait alors lieu le Grand Prix ? Hongrie
19%
Quel pilote remplaça Romain Grosjean lors de la suspension de ce dernier pour le Grand Prix d'Italie 2012 ? Jérôme d'Ambrosio
16%
Quel ancien pilote Espagnol était à l'origine du projet HRT en 2010 ? Adrian Campos
10%
Qui était l'ingénieur de Piste de Sebastian Vettel chez Redbull jusqu'en 2014 ? Guillaume Rocquelin
4%
Comment Sebastian Vettel a-t-il appelé sa Ferrari SF16-H ? (Monoplace en lice pour le championnat du monde 2016) Margherita
4%
Quelle femme était à la tête de l'écurie Sauber jusqu'en 2016, avant d'être remplacée par Frédéric Vasseur ? Monisha Kaltenborn
4%
Quel pilote Mexicain a remplacé Esteban Ocon lors des Essais Libres 1 du Grand Prix du Mexique 2017 (Il a d'ailleurs commis un accident lors de cette séance) ? Alfonso Celis
3%
Quel était le temps de la pole position de Kimi Räikkönen lors du Grand Prix d'Italie 2018 ? 1:19:119
2%
Pourquoi Alonso fut-il pénalisé d'un drive through lors du Grand Prix de Chine 2010 ? Départ volé
2%
Qui était l'ancien pilote faisant partie des commissaires sportifs qui ont attribué une pénalité controversée de 5 secondes à Sebastian Vettel lors du Grand Prix du Canada 2019, lui faisant perdre la victoire ? Emanuele Pirro
2%
Comment fut nommé le Typhon à cause duquel ont été reportées les qualifications du Grand Prix du Japon 2019 ? Hagibis
2%
Quel ingénieur Grec, passé notamment par McLaren et Ferrari, a quitté cette dernière en 2014 pour aller chez Manor ? Nikolas Tombazis
1%
Quelle était la cause de l'abandon de Sebastian Vettel au Grand Prix du Japon en 2017 ? Problème de bougie
1%
Aucun quiz correspondant
Distribution des résultats
% des personnes avec chaque résultat
Percentile par nombre de réponses
Votre historique - résultats
Vous n’avez pas pris ce quiz depuis la dernière actualisation